The ice coven / Max Seeck ; translation by ... Read More
Available copies
- 1 of 1 copy available at LARL/NWRL Consortium.
- 1 of 1 copy available at Lake Agassiz Regional Library. (Show preferred library)
Current holds
0 current holds with 1 total copy.
Show Only Available Copies
| Location | Call Number / Copy Notes | Barcode | Shelving Location | Status | Due Date |
|---|---|---|---|---|---|
| Detroit Lakes Public Library | SEE (Text) | 33500013486279 | Main | Available | - |
Record details
- ISBN: 9780593199695
- ISBN: 0593199693
- Physical Description: 444 pages ; 21 cm.
- Edition: First U.S. edition.
- Publisher: [New York] : Berkley, 2021.
- Copyright: ©2021 [translation]
Content descriptions
| General Note: | Includes discussion questions. "Originally published in Finnish as Pahan verkko by Tammi Publishers, 2020" Sequel to: Uskollinen lukija. Published in English as: The witch hunter. |
| Summary, etc.: | "Finnish investigator Jessica Niemi is back in ... Read More |
Search for related items by subject
Search for related items by series
| LDR | 03968cam a22007218i 4500 | ||
|---|---|---|---|
| 001 | 372361 | ||
| 003 | LARL_NWRL_CONSORTIUM | ||
| 005 | 20230207183325.0 | ||
| 008 | 210326s2021 nyu e 000 1 eng | ||
| 010 | . | ‡a 2021013688 | |
| 040 | . | ‡aDLC ‡beng ‡erda ‡cDLC ‡dOCLCO ‡dMJ8 ‡dOCLCO ‡dGL4 ‡dOCLCO ‡dIHE ‡dRNL ‡dUAP ‡dOCLCF ‡dCNCAR ‡dILC | |
| 019 | . | ‡a1268483397 | |
| 020 | . | ‡a9780593199695 ‡q(trade paperback) | |
| 020 | . | ‡a0593199693 ‡q(trade paperback) | |
| 020 | . | ‡z9780593199701 ‡q(ebook) | |
| 035 | . | ‡a(OCoLC)1240305804 ‡z(OCoLC)1268483397 | |
| 041 | 1 | . | ‡aeng ‡hfin |
| 042 | . | ‡apcc | |
| 082 | 0 | 0. | ‡a894/.54134 ‡223 |
| 100 | 1 | . | ‡aSeeck, Max, ‡d1985- ‡eauthor. |
| 240 | 1 | 0. | ‡aPahan verkko. ‡lEnglish. |
| 245 | 1 | 4. | ‡aThe ice coven / ‡cMax Seeck ; translation by Kristian London. |
| 250 | . | ‡aFirst U.S. edition. | |
| 264 | 1. | ‡a[New York] : ‡bBerkley, ‡c2021. | |
| 264 | 4. | ‡c©2021 [translation] | |
| 300 | . | ‡a444 pages ; ‡c21 cm. | |
| 336 | . | ‡atext ‡btxt ‡2rdacontent | |
| 337 | . | ‡aunmediated ‡bn ‡2rdamedia | |
| 338 | . | ‡avolume ‡bnc ‡2rdacarrier | |
| 490 | 0 | . | ‡aGhosts of the past ; ‡v2 |
| 500 | . | ‡aIncludes discussion questions. | |
| 500 | . | ‡a"Originally published in Finnish as Pahan verkko by Tammi Publishers, 2020" | |
| 500 | . | ‡aSequel to: Uskollinen lukija. Published in English as: The witch hunter. | |
| 520 | . | ‡a"Finnish investigator Jessica Niemi is back in this terrifying new novel from the New York Times bestselling author of The Witch Hunter. Six months have passed since Jessica's encounter with the mysterious serial-killing coven of witches and the death of her mentor Erne. Her nightmares about her mother and the witchcraft that undid her have only gotten worse, but she's doing what she can to stay focused. Her homicide squad, now under new leadership, has been given a murder case and a new series of disappearances to investigate. A young woman's corpse has washed up on an icy beach, and two famous Instagram influencers have gone missing at the same time. The missing influencers and the murdered woman all have ties to a sinister cult. Jessica finds an eerie painting-of a lighthouse on a frigid island-as she investigates and under the picture is a gruesome poem detailing a murder. The nightmares about her dead mother have intensified and seem all too real, making Jessica wonder if the woman might be trying to tell her something about the killings. And as Jessica works frantically to solve her latest case, her terrifying past and the coven of witches that almost killed her shockingly reemerge and threaten to destroy her"-- ‡cProvided by publisher. | |
| 650 | 0. | ‡aPolicewomen ‡vFiction. ‡0(LARL_NWRL_CONSORTIUM)166589 | |
| 650 | 0. | ‡aCovens ‡vFiction. | |
| 650 | 0. | ‡aWitches ‡vFiction. ‡0(LARL_NWRL_CONSORTIUM)168002 | |
| 650 | 0. | ‡aCults ‡vFiction. ‡0(LARL_NWRL_CONSORTIUM)164393 | |
| 650 | 0. | ‡aMissing persons ‡xInvestigation ‡vFiction. ‡0(LARL_NWRL_CONSORTIUM)173417 | |
| 650 | 0. | ‡aMurder ‡xInvestigation ‡vFiction. ‡0(LARL_NWRL_CONSORTIUM)166203 | |
| 650 | 7. | ‡aMissing persons. ‡2fast ‡0(LARL_NWRL_CONSORTIUM)25890 | |
| 650 | 7. | ‡aMurder. ‡2fast ‡0(LARL_NWRL_CONSORTIUM)26285 | |
| 650 | 7. | ‡aWitches. ‡2fast ‡0(LARL_NWRL_CONSORTIUM)38791 | |
| 650 | 7. | ‡aWomen detectives. ‡2fast ‡0(LARL_NWRL_CONSORTIUM)34659 | |
| 655 | 7. | ‡aThrillers (Fiction) ‡2lcgft | |
| 655 | 0. | ‡aSuspense fiction. | |
| 655 | 0. | ‡aOccult fiction. | |
| 655 | 7. | ‡aDetective and mystery fiction. ‡2fast | |
| 655 | 7. | ‡aFiction. ‡2fast | |
| 655 | 7. | ‡aParanormal fiction. ‡2fast | |
| 655 | 7. | ‡aMystery fiction. ‡2gsafd | |
| 655 | 7. | ‡aOccult fiction. ‡2gsafd | |
| 655 | 7. | ‡aDetective and mystery fiction. ‡2lcgft | |
| 655 | 7. | ‡aParanormal fiction. ‡2lcgft | |
| 700 | 1 | . | ‡aLondon, Kristian, ‡etranslator. |
| 776 | 0 | 8. | ‡iOnline version: ‡aSeeck, Max, 1985- ‡tThe ice coven. ‡bFirst U.S. edition ‡d[New York] : Berkley, 2021. ‡z9780593199701 ‡w(DLC) 2021013689 |
| 901 | . | ‡a372361 ‡bOCoLC ‡c372361 ‡tbiblio ‡soclc | |

Add to basket
Permalink
Disable Highlighting